000 00610nam a22002417a 4500
003 UA-OsUOA
001 130492
007 ta
008 20180503b un ||||| |||| 00| 0 ukr d
100 _aЧереп Т.
090 _a821.161.2
_bЧ-46
942 _cBK
040 _aUA-OsUOA
_bukr
_cUA-OsUOA
_dUA-OsUOA
245 _aБерег любові
_bпоезії
300 _a152 с.
955 _a3
041 _aukr
080 _a821.161.2
020 _a966-7665-84-4
260 _aК.
_bДІЯ
_c2012
650 7 _a82 Література. Літературознавство
_2UDC
999 _c418519
_d418519